1345 1770 1443 1651 1470 1170 1884 1111 1631 1891 1520 1449 1692 1762 1905 1309 1115 1273 1307 1555 1050 1056 1755 1650 1450 1683 1453 1877 1239 1008 1139 1392 1398 1814 1589 1483 1094 1575 1708 1234 1766 1129 1047 1362 1644 1430 1690 1038 1487 1794 1220 1716 1816 1163 1515 1681 1314 1499 1816 1649 1233 1242 1902 1010 1133 1464 1080 1668 1470 1418 1230 1266 1910 1908 1626 1184 1636 1782 1708 1925 1597 1194 1569 1573 1694 1025 1090 1469 1056 1725 1933 1542 1335 1104 1116 1884 1418 1391 1940 BCNSPRNW ULIB Ver.6.0+V

เปลี่ยนเป็นภาษาไทย

Change to English
 แสดงรายละเอียดบรรณานุกรม
  กลับหน้าหลัก

Brief Record : Get Marc (ISO 2709) : E-mail record : QR code < ปิดหน้าต่าง
LEADER : 00000nam 2200000uu 4500
001    13399113186
003     ULIB
008    110627s2544||||th 000 0 tha d
020    97897447236
090    นว.^bร942ฮ ล.2 2544
100 0  โรว์ลิ่ง, เจ.เค.
245 00 แฮร์รี่ พอตเตอร์ กับห้องแห่งความลับ เล่ม 2/^cโรว์ลิ่ง, เจ.เค.
250    พิมพ์ครั้งที่ 8
260    กรุงเทพฯ :^bนานมีบุ๊คส์,^c2544
300    408 หน้า
710 1  นานมีบุ๊คส์
945    ^p0^l0^i014148
995    ทศพร
999 ^a ใช้งานได้ทุกระบบ
รายการนี้ยังไม่มีแท็ก
คุณยังไม่ได้ล็อกอิน คุณสามารถมีกิจกรรมร่วมกับเว็บไซต์ได้ แต่ต้องล็อกอินก่อน ::
  ล็อกอิน

รายการสื่อสารสนเทศ

ลำดับที่ ประเภท เลขเรียก/บาร์โค้ด สถานที่ สถานะ
- ไม่พบข้อมูล -

รายการใกล้เคียง
    ผู้แต่ง [โรว์ลิ่ง, เจ.เค.]

BibComment


ยังไม่เคยถูกคอมเมนท์

คอมเมนท์ทรัพยากรรายการนี้
  คอมเมนท์: แฮร์รี่ พอตเตอร์ ..


 Copyright 2026. Bcnsprnw @Library